Statistics for Guess The Country By Fact Or Record

Click here to take the quiz!

General Stats

  • This quiz has been taken 25 times
    (15 since last reset)
  • The average score is 25 of 54

Answer Stats

HintAnswer% Correct
Oldest FlagDenmark
92%
Worst FoodUK
92%
HappiestFinland
83%
Highest HDINorway
83%
LargestRussia
83%
Most NeutralSwitzerland
83%
Most GdpUSA
83%
Most Active PersonelChina
75%
Only Country With Komodo
Dragon
Indonesia
75%
Only African Country That
Borders Europe
Morocco
75%
Most IslandsSweden
75%
Best Football TeamBrazil
67%
Coldest CountryCanada
67%
Tallest PepoleNetherlands
67%
Largest Island CountryAustralia
58%
Only Country That Has Building
On Its Flag
Cambodia
58%
SafestIceland
58%
Largest Landlocked ConutryKazakhstan
58%
It has Oldest Restaurant In The
World
Spain
58%
Newest Country In European
Union
Croatia
50%
Most VisitedFrance
50%
It Has The Weakest Currency in
The World
Iran
50%
Highest GDP per capitaLuxembourg
50%
Largest Spanish CountryMexico
50%
SmallestVatican
50%
Most DangerousAfghanistan
42%
Red Bull Was Created In
This Country
Austria
42%
Highest Kidnapping RateBelgium
42%
Most Alcohol ConsumptionCzechia
42%
It Has Oldest Capital In EuropeGreece
42%
Rubiks Cube Was Created
In This Country
Hungary
42%
Best FoodItaly
42%
It Has The Largest Stadium In
The World
North Korea
42%
Vodka Was Originated HerePoland
42%
Lowest FertilitySouth Korea
42%
Lowest Life ExpectancyCentral African Republic
33%
OldestEgypt
33%
LuckiestIreland
33%
Most ObeseNauru
33%
Only Muslim Country Wih NuclearPakistan
33%
Highest IQSingapore
33%
Highest Tea ConsumptionTurkey
33%
Highest Crime RateVenezuela
33%
Most PollutedBangladesh
25%
Highest Murder RateEl Salvador
25%
YoungestSouth Sudan
25%
New Year Is Celebrated in
February
Vietnam
25%
Lowest IQEquatorial Guinea
17%
Lowest Crime RateQatar
17%
Shortest PeopleTimor Leste
17%
Most BunkersAlbania
8%
Hottest CountryBurkina Faso
8%
It Has The Largest KFC
In The World
Azerbaijan
0%
Highest Life ExpectancyHong Kong
0%

Score Distribution

Percentile by Number Answered

Percent of People with Each Score

Your Score History

You have not taken this quiz since the last reset